| 000 | 01584nam a2200469 i 4500 | ||
|---|---|---|---|
| 001 | 33771 | ||
| 003 | KOSZ 005 | ||
| 005 | 20200430115243.0 | ||
| 008 | 990412s1998 pl a f f |000 0 pol | ||
| 015 | _aPB 1999/7383 | ||
| 020 | _a8301126027 | ||
| 035 | _a(OCoLC)749913896 | ||
| 040 |
_aWA N _cWA N _dKOSZ 005/HR |
||
| 041 | 0 | _apol | |
| 046 | _k1998 | ||
| 080 | _a552 | ||
| 080 | _a556.3 | ||
| 080 | _a624.131 | ||
| 080 | _a(075.8) | ||
| 245 | 0 | 0 |
_aGeologia stosowana : _bwłaściwości gruntów nienasyconych / _cpod red. naukową Barbary Grabowskiej-Olszewskiej ; [aut. Barbara Grabowska-Olszewska et al.]. |
| 260 |
_aWarszawa : _bWydaw. Naukowe PWN, _c1998. |
||
| 300 |
_a217, [1] s. : _bfot., mapy, rys., wykr. ; _c24 cm. |
||
| 336 |
_2rdacontent _aTekst _btxt |
||
| 337 |
_2rdamedia _aBez urządzenia pośredniczącego _bn |
||
| 338 |
_2rdacarrier _aWolumin _bnc |
||
| 380 | _aKsiążki. | ||
| 380 | _aPublikacje dydaktyczne | ||
| 385 |
_mPoziom nauczania _aSzkoły wyższe |
||
| 388 | _a1901-2000 | ||
| 388 | _a1989-2000 | ||
| 504 | _aBibliogr. s. 200-206. | ||
| 658 | _aGeografia i nauki o Ziemi | ||
| 658 | _aArchitektura i budownictwo | ||
| 655 | 4 | _aPodręczniki akademickie | |
| 650 | 4 | _aGeologia inżynierska | |
| 650 | 4 | _aMechanika gruntów | |
| 650 | 4 | _aGrunt | |
| 710 | 2 |
_aWydawnictwo Naukowe PWN _4pbl. |
|
| 700 | 1 |
_aGrabowska-Olszewska, Barbara _d(1933- ) _eRedakcja |
|
| 856 |
_uhttp://koha.tu.koszalin.pl/cgi-bin/koha/opac-detail.pl?biblionumber=33771 _yKatalog online BPK |
||
| 942 |
_2UKD _cKS |
||
| 999 |
_c33771 _d33771 |
||